MARC-Details
| 000 -Satzkennung |
| Kontrollfeld mit fester Länge |
02726cam a2200469 c4500 |
| 001 - Kontrollnummer |
| Kontrollfeld |
1641840013 |
| 003 - Kontrollnummer Identifier |
| Kontrollfeld |
DE-627 |
| 005 - Datum und Zeit der letzten Transaktion |
| Kontrollfeld |
20210111142306.0 |
| 007 - Feld mit fester Länge zur physischen Beschreibung - Allgemeine Information |
| Kontrollfeld mit fester Länge |
tu |
| 008 - Feld mit fester Länge zur physischen Beschreibung - Allgemeine Angaben |
| Kontrollfeld mit fester Länge |
180906s2018 gw ||||| 00| ||ger c |
| 015 ## - Nummer der Nationalbibliografie |
| Nummer der Nationalbibliografie |
18,N32 |
| Quelle |
dnb |
| 016 7# - Kontrollnummer der nationalbibliografischen Agentur |
| Datensatzkontrollnummer |
1163677213 |
| Quelle |
DE-101 |
| 020 ## - Internationale Standardbuchnummer |
| Internationale Standardbuchnummer |
9783799545358 |
| Bezugsbedingungen |
Festeinband : EUR 85.00 (DE), EUR 87.40 (AT) |
| 024 3# - Anderer Standardidentifier |
| Standardnummer oder Code |
9783799545358 |
| 035 ## - Systemkontrollnummer |
| System-Kontrollnummer |
(DE-627)1641840013 |
| 035 ## - Systemkontrollnummer |
| System-Kontrollnummer |
(DE-576)51074088X |
| 035 ## - Systemkontrollnummer |
| System-Kontrollnummer |
(DE-599)BSZ51074088X |
| 035 ## - Systemkontrollnummer |
| System-Kontrollnummer |
(OCoLC)1048289765 |
| 035 ## - Systemkontrollnummer |
| System-Kontrollnummer |
(OCoLC)1048289765 |
| 040 ## - Katalogisierungsquelle |
| Original-Katalogisierungsstelle |
DE-627 |
| Katalogisierungssprache |
ger |
| Übertragungsstelle |
DE-627 |
| Beschreibungsfestlegungen |
rda |
| Bearbeitungsstelle |
STAFF |
| 041 ## - Sprachcode |
| Sprachcode des Textes/der Tonspur oder des separaten Titels |
ger |
| 044 ## - Ländercode der veröffentlichenden/herstellenden Stelle |
| ISO-Ländercode |
XA-DE-BW |
| 084 ## - Andere Notation |
| Notation |
NR 1800 |
| Zuweisende Stelle |
DE-14/sred |
| Quelle der Nummer |
rvk |
| IDN des Normdatensatzes oder Standardnummer |
(DE-625)rvk/129177: |
| 084 ## - Andere Notation |
| Notation |
15.41 |
| Quelle der Nummer |
bkl |
| 084 ## - Andere Notation |
| Notation |
15.42 |
| Quelle der Nummer |
bkl |
| 245 10 - Titel |
| Titel |
Residenzstädte im Alten Reich (1300-1800). |
| Zählung des Teils/der Abteilung eines Werkes |
Abteilung 1. |
| Titel eines Teils/einer Abteilung eines Werkes |
Analytisches Verzeichnis der Residenzstädte. |
| Zählung des Teils/der Abteilung eines Werkes |
Teil 1. |
| Titel eines Teils/einer Abteilung eines Werkes |
Nordosten / herausgegeben von Harm von Seggern |
| 264 #1 - Produktion, Veröffentlichung, Distribution, Herstellung und Urheberrechtsvermerk |
| Herstellungs-, Veröffentlichungs- Vertriebs-, Erzeugungsort |
Ostfildern: |
| Produzent, Herausgeber, Distributor, Hersteller |
Jan Thorbecke Verlag, |
| Datum der Herstellung, der Veröffentlichung, des Vertriebs oder des Urheberschutzvermerks |
[2018] |
| 264 #4 - Produktion, Veröffentlichung, Distribution, Herstellung und Urheberrechtsvermerk |
| Datum der Herstellung, der Veröffentlichung, des Vertriebs oder des Urheberschutzvermerks |
© 2018 |
| 300 ## - Physische Beschreibung |
| Umfang |
XVII, 687 Seiten |
| Maße |
24 cm |
| 336 ## - Inhaltstyp |
| Inhaltstypterm |
Text |
| Inhaltstypcode |
txt |
| Quelle |
rdacontent |
| 337 ## - Medientyp |
| Bezeichnung des Medientyps |
ohne Hilfsmittel zu benutzen |
| Medientypcode |
n |
| Quelle |
rdamedia |
| 338 ## - Datenträgertyp |
| Datenträgertypbezeichnung |
Band |
| Datenträgertypcode |
nc |
| Quelle |
rdacarrier |
| 490 0# - Gesamttitelangabe |
| Gesamttitelangabe |
Residenzenforschung. |
| -- |
Neue Folge, Stadt und Hof |
| 520 ## - Fußnote zu Zusammenfassungen usw. |
| Fußnote zur Zusammenfassung usw. |
"Mit dem hier vorgelegten Band zu den Residenzstädten im Nordosten des Alten Reichs wird die auf insgesamt vier Bände angelegte »1. Abteilung« des »Handbuchs der Residenzstädte« eröffnet. Diese »Abteilung« bietet ein umfassendes Verzeichnis aller Residenzstädte des Alten Reichs, die in ausführlichen, sechs- bis zwölfseitigen Artikeln im Stil eines Dictionnaire raisonné vorgestellt werden. Es geht dabei um die Frage, ob und inwieweit die Städte durch die Anwesenheit eines fürstlichen bzw. adligen Hofs verändert wurden und ob es Rückwirkungen auf den Hof gegeben hat. Der erste (Teil-)Band enthält über 170 Artikel, in denen die mal stärkere, mal schwächere höfische Prägung der zumeist kleineren Städte dargestellt wird. Neben den großen und bekannteren Residenzstädten wie Berlin/Cölln, Dresden, Marienburg und Weimar werden insbesondere kleinere Orte wie Blankenburg (Harz), Gadebusch, Sonnenburg, (Bad) Wilsnack und viele andere in ihrer Bedeutung als Sitz eines Hofes hervorgehoben." (Verlagsinformation) |
| 951 ## - EQUIVALENCE OR CROSS-REFERENCE--GEOGRAPHIC NAME/AREA NAME [OBSOLETE] [CAN/MARC only] |
| Geografischer Name |
MV |
| 700 1# - Nebeneintragung - Personenname |
| Personenname |
Seggern, Harm von |
| Datumsangaben in Verbindung mit einem Namen |
1964- |
| Funktionsbezeichnung |
HerausgeberIn |
| IDN des Normdatensatzes oder Standardnummer |
(DE-588)128568690 |
| -- |
(DE-627)376203803 |
| -- |
(DE-576)182969304 |
| Code für Beziehungskennzeichnung |
edt |
| 773 18 - Übergeordnete Einheit |
| Datensatzkontrollnummer |
(DE-627)1028585039 |
| Verknüpfungsangaben |
Abteilung 1, Teil 1 |
| Zählung und erste Seite |
1,1 |
| 856 42 - Elektronische Adresse und Zugriff |
| URL |
<a href="http://www.informationsmittel-fuer-bibliotheken.de/showfile.php?id=9646">http://www.informationsmittel-fuer-bibliotheken.de/showfile.php?id=9646</a> |
| Kontaktstelle für Hilfe beim Zugriff |
B:V:DE-576 |
| -- |
B:X:IFB |
| Elektronisches Format |
application/pdf |
| Zugriffszeiten |
20190402050002 |
| Spezifische Materialangaben |
Rezension |
| 936 bk - OCLC/CONSER MISCELLANEOUS DATA (OCLC); PIECE USED FOR CATALOGING (pre-AACR2) (RLIN) |
| OCLC control number(s) of parallel record(s) (OCLC); Piece used for cataloging, PUC (RLIN) |
15.41 |
| 936 bk - OCLC/CONSER MISCELLANEOUS DATA (OCLC); PIECE USED FOR CATALOGING (pre-AACR2) (RLIN) |
| OCLC control number(s) of parallel record(s) (OCLC); Piece used for cataloging, PUC (RLIN) |
15.42 |
| 942 ## - Zusätzliche Felder (Koha) |
| Klassifikation oder Aufstellungssystematik |
Andere/Generische Klassifikation |
| Koha-Medientyp |
Bücher |